[Event "ICS rated blitz match"]
[Site "204.178.125.65"]
[Date "2000.09.13"]
[Round "?"]
[White "Hossa"]
[Black "QueenMaxima"]
[Result "0-1"]
[WhiteElo "2476"]
[BlackElo "2574"]
[PlyCount "158"]
[EventDate "2000.??.??"]

1. e4 c5 2. Nf3 e6 3. d4 cxd4 4. Nxd4 Nf6 5. Nc3 Bb4 6. e5 Ne4 7. Ndb5 Qa5 8.
Qd4 Nxc3 9. bxc3 Be7 10. Nd6+ Kf8 11. f4 Nc6 12. Qd2 f6 13. exf6 Bxf6 14. Bb2
b6 15. a4 Ne7 16. Bb5 Nd5 17. Ra3 a6 18. Nc4 axb5 19. Nxa5 b4 20. cxb4 Bxb2 21.
Rb3 Bf6 22. c4 Ne7 23. c5 bxa5 24. b5 Bb7 25. Qxd7 Bxg2 26. Rg1 Bd5 27. Rd3 Bc4
28. Rdg3 Kf7 29. Rh3 Rhd8 30. Qc7 Bd3 31. Re3 Bc3+ 32. Kf2 Bd4 33. Kf3 Bc2 34.
Re2 Bxg1 35. Rxc2 Rac8 36. Qxa5 Rd3+ 37. Ke2 Rh3 38. c6 Bxh2 39. Rc4 Rh6 40. b6
Rxc6 41. b7 Rxc4 42. b8=Q Bxf4 43. Qb7 Rh3 44. Qaa7 Rc2+ 45. Kd1 Rc1+ 46. Ke2
Rh2+ 47. Kd3 Rd2+ 48. Ke4 Rc4+ 49. Kf3 Bg5 50. Qba8 h5 51. Qa5 Rf4+ 52. Ke3
Rf5+ 53. Ke4 Rd7 54. Qe5 Rxe5+ 55. Kxe5 Bf6+ 56. Ke4 g5 57. Kf3 g4+ 58. Ke2 Bc3
59. Qb8 Rd2+ 60. Kf1 Nd5 61. Qb7+ Kg6 62. Qc8 Kf5 63. Qe8 Nf4 64. Qb5+ e5 65.
Qb3 h4 66. Qf7+ Ke4 67. Qb7+ Ke3 68. Qb3 h3 69. Qxc3+ Nd3 70. Kg1 g3 71. Qb3
h2+ 72. Kh1 Ke2 73. Kg2 Nf4+ 74. Kxg3 h1=Q 75. Qb5+ Rd3+ 76. Qxd3+ Kxd3 77. Kg4
Qh5+ 78. Kg3 Ke3 79. a5 Qh3# {Hossa checkmated} 0-1

[Event "ICS rated blitz match"]
[Site "204.178.125.65"]
[Date "2000.09.13"]
[Round "?"]
[White "Colorado"]
[Black "Hossa"]
[Result "1-0"]
[WhiteElo "2585"]
[BlackElo "2464"]
[PlyCount "133"]
[EventDate "2000.??.??"]

1. e4 e5 2. Nf3 Nc6 3. Bb5 a6 4. Ba4 Nf6 5. O-O Be7 6. Re1 b5 7. Bb3 d6 8. c3
O-O 9. h3 Bb7 10. d4 Re8 11. Nbd2 Bf8 12. a3 h6 13. Bc2 Nb8 14. b4 Nbd7 15. Bb2
g6 16. c4 exd4 17. cxb5 axb5 18. Nxd4 c6 19. N2b3 Qb6 20. Na5 c5 21. Nxb7 Qxb7
22. Nb3 c4 23. Na5 Qc7 24. Re3 Bg7 25. a4 bxa4 26. Bxa4 Nd5 27. Bxg7 Nxe3 28.
Qd4 Ne5 29. Bxe5 dxe5 30. Qxe3 Reb8 31. Qc3 Ra6 32. Rc1 Rab6 33. b5 Ra8 34. Qb4
Qd6 35. Qxd6 Rxd6 36. Nxc4 Re6 37. Ra1 Rc8 38. Bb3 Rb8 39. b6 Rexb6 40. Nxb6
Rxb6 41. Bd5 Rf6 42. Ra8+ Kg7 43. Re8 Rd6 44. Re7 Rf6 45. Rxe5 Kf8 46. g4 Rf3
47. Kg2 Rc3 48. h4 Rc7 49. Kg3 Rc1 50. Bb7 Kg7 51. Bd5 Kf8 52. h5 g5 53. Rf5
Rc7 54. f4 Rc3+ 55. Kf2 Rc2+ 56. Ke3 Rc3+ 57. Kd2 Rg3 58. Rxf7+ Ke8 59. e5 gxf4
60. e6 Re3 61. g5 hxg5 62. h6 Kd8 63. h7 Rh3 64. e7+ Ke8 65. Bc6+ Kxf7 66.
e8=Q+ Kf6 67. Qd8+ {Hossa resigns} 1-0

[Event "ICS rated blitz match"]
[Site "204.178.125.65"]
[Date "2000.09.13"]
[Round "?"]
[White "Hossa"]
[Black "Colorado"]
[Result "1/2-1/2"]
[WhiteElo "2453"]
[BlackElo "2596"]
[PlyCount "124"]
[EventDate "2000.??.??"]

1. Nf3 Nf6 2. c4 e6 3. g3 d5 4. b3 Be7 5. Bb2 O-O 6. Bg2 c5 7. cxd5 Nxd5 8. Na3
Bf6 9. Ne5 Nd7 10. f4 Qc7 11. Nac4 b5 12. Nxd7 Bxb2 13. Nxb2 Bxd7 14. O-O f6
15. Rc1 Qd6 16. Qc2 Rac8 17. Nd3 c4 18. bxc4 Rxc4 19. Qb2 Rfc8 20. Rfd1 Nb6 21.
Rxc4 Rxc4 22. Nf2 Qc7 23. Qa3 Rc2 24. Be4 Rc4 25. Bg2 Rc2 26. Be4 Rc5 27. Bg2
Nc4 28. Qb3 Nd6 29. Bh3 f5 30. Nd3 Rc2 31. Ne5 Bc8 32. Bg2 a6 33. Bf3 Nf7 34.
Nxf7 Kxf7 35. g4 fxg4 36. Bxg4 Qc4 37. Qxc4 Rxc4 38. d4 Bb7 39. Kf2 Ra4 40. f5
exf5 41. Bxf5 Bd5 42. Bxh7 Rxa2 43. Bd3 Kf6 44. Rc1 Ra4 45. e4 Bc4 46. Bxc4
Rxc4 47. Rxc4 bxc4 48. Ke3 a5 49. h4 a4 50. Kd2 a3 51. e5+ Ke6 52. Kc3 g6 53.
Kc2 Kd5 54. Kc3 Ke6 55. Kc2 Kf7 56. d5 Ke7 57. Kc3 Ke8 58. d6 Kd7 59. Kc2 Ke6
60. Kc3 Kd7 61. Kc2 Ke6 62. Kc3 Kd7 {Game drawn by repetition} 1/2-1/2

[Event "ICS rated blitz match"]
[Site "204.178.125.65"]
[Date "2000.09.13"]
[Round "?"]
[White "Hossa"]
[Black "counterplay"]
[Result "0-1"]
[WhiteElo "2459"]
[BlackElo "2753"]
[PlyCount "102"]
[EventDate "2000.??.??"]

1. e4 c5 2. Nf3 d6 3. d4 cxd4 4. Nxd4 Nf6 5. Nc3 e6 6. g3 Be7 7. Bg2 O-O 8. O-O
Bd7 9. Ndb5 Ne8 10. Bf4 e5 11. Be3 a6 12. Na3 Be6 13. Nd5 Nd7 14. Nc4 Bxd5 15.
exd5 Rc8 16. Nd2 Nef6 17. c3 Qa5 18. Qe2 b5 19. f4 Kh8 20. Qf3 Qc7 21. Rad1 Nb6
22. Bxb6 Qxb6+ 23. Rf2 Nd7 24. Bh3 f5 25. Qh5 exf4 26. Nf3 fxg3 27. hxg3 g6 28.
Qh6 Nc5 29. Kg2 Ne4 30. Re2 Rf7 31. Rh1 Qc5 32. Nd2 Nf6 33. Nf3 Qxd5 34. a3 Ne4
35. Qc1 Bf6 36. Qd1 Qc5 37. Nd2 d5 38. Qg1 Qc7 39. Qh2 Be5 40. Nxe4 dxe4 41.
Rf2 Rd7 42. Bxf5 gxf5 43. Rxf5 Rd2+ 44. Rf2 Rxf2+ 45. Kxf2 Rf8+ 46. Kg2 Qf7 47.
Qg1 Qf3+ 48. Kh2 Rg8 49. Qg2 Bxg3+ 50. Kg1 Qe3+ 51. Kf1 Qe1# {Hossa checkmated}
0-1

[Event "ICS rated standard match"]
[Site "204.178.125.65"]
[Date "2000.09.13"]
[Round "?"]
[White "Ultima-Battle"]
[Black "Hossa"]
[Result "1-0"]
[WhiteElo "2564"]
[BlackElo "2344"]
[PlyCount "101"]
[EventDate "2000.??.??"]

1. d4 d5 2. Nf3 Nf6 3. Bf4 c6 4. e3 Qb6 5. b3 Bf5 6. Bd3 Bxd3 7. Qxd3 e6 8. O-O
Be7 9. c4 O-O 10. Nc3 Na6 11. c5 Qd8 12. h3 Nb4 13. Qb1 b6 14. a3 Na6 15. b4
Qc8 16. Qd3 Nc7 17. Rfb1 Qb7 18. Ne5 Nh5 19. Bh2 Nf6 20. a4 a6 21. b5 axb5 22.
axb5 Rxa1 23. Rxa1 cxb5 24. c6 Qc8 25. Ra7 Bd6 26. Nxb5 Nxb5 27. Qxb5 Qd8 28.
Nd7 Bxh2+ 29. Kxh2 Nxd7 30. Rxd7 Qb8+ 31. c7 Qe8 32. Qc6 h5 33. Qd6 g5 34.
Qxf8+ Qxf8 35. Rd8 Kg7 36. Rxf8 Kxf8 37. c8=Q+ Kg7 38. Qc6 Kg6 39. Qxb6 h4 40.
Qd6 Kf6 41. Qe5+ Ke7 42. Qxg5+ f6 43. Qxh4 e5 44. dxe5 Kd7 45. Qxf6 Kc8 46. Qe7
d4 47. exd4 Kb8 48. Qd7 Ka8 49. e6 Kb8 50. e7 Ka8 51. e8=R# {Hossa checkmated}
1-0

[Event "ICS rated blitz match"]
[Site "204.178.125.65"]
[Date "2000.09.13"]
[Round "?"]
[White "andante"]
[Black "Hossa"]
[Result "0-1"]
[WhiteElo "2179"]
[BlackElo "2454"]
[PlyCount "39"]
[EventDate "2000.??.??"]

1. e4 c5 2. Nf3 e6 3. d4 cxd4 4. Nxd4 Nf6 5. Bd3 Nc6 6. Be3 Ne5 7. O-O Nxd3 8.
cxd3 d5 9. Nc3 e5 10. Re1 exd4 11. Bxd4 dxe4 12. Nxe4 Nxe4 13. Rxe4+ Be6 14. f4
Qd5 15. Qa4+ Qd7 16. Qa5 b6 17. Qe5 O-O-O 18. Rc1+ Kb7 19. Bf2 Qd6 20. Qc3 {
andante resigns} 0-1

[Event "ICS rated blitz match"]
[Site "204.178.125.65"]
[Date "2000.09.13"]
[Round "?"]
[White "rmdg567"]
[Black "Hossa"]
[Result "0-1"]
[WhiteElo "1931"]
[BlackElo "2459"]
[PlyCount "110"]
[EventDate "2000.??.??"]

1. e4 e5 2. Nf3 Nc6 3. Bb5 a6 4. Ba4 Nf6 5. O-O Be7 6. Qe2 b5 7. Bb3 O-O 8. c3
d6 9. h3 Na5 10. Bc2 Be6 11. d4 Bc4 12. Bd3 Bxd3 13. Qxd3 Nc6 14. Rd1 exd4 15.
cxd4 d5 16. e5 Ne4 17. Nc3 Nxc3 18. bxc3 Na5 19. Bf4 Nc4 20. Rab1 Qd7 21. Ng5
Bxg5 22. Bxg5 a5 23. Re1 c6 24. Bh4 Rfe8 25. Re2 a4 26. f4 a3 27. f5 Rac8 28.
f6 g6 29. Qg3 Qf5 30. Rf1 Qh5 31. Ref2 h6 32. Qg4 Qxg4 33. hxg4 g5 34. Bg3 Ne3
35. Rb1 Nxg4 36. Re2 Nxf6 37. Rb3 Ra8 38. Be1 Ne4 39. Bd2 Re7 40. Bc1 Rea7 41.
Re3 g4 42. Kf1 h5 43. Ke2 f6 44. exf6 Kf7 45. Kd3 h4 46. Rb1 Rh8 47. Bd2 h3 48.
gxh3 Rxh3 49. Rxh3 gxh3 50. Bf4 Kxf6 51. Be5+ Ke6 52. Rf1 Rf7 53. Rxf7 Kxf7 54.
Ke3 Nxc3 55. Kf3 b4 {rmdg567 resigns} 0-1

[Event "ICS rated blitz match"]
[Site "204.178.125.65"]
[Date "2000.09.13"]
[Round "?"]
[White "Hossa"]
[Black "rmdg567"]
[Result "1-0"]
[WhiteElo "2460"]
[BlackElo "1930"]
[PlyCount "103"]
[EventDate "2000.??.??"]

1. e4 c5 2. Nf3 d6 3. Bb5+ Bd7 4. Nc3 Nc6 5. d4 cxd4 6. Nxd4 g6 7. O-O Bg7 8.
Nxc6 Bxc6 9. Qf3 Nf6 10. Bxc6+ bxc6 11. e5 Nd7 12. exd6 O-O 13. dxe7 Qxe7 14.
Qxc6 Rfc8 15. Qb7 Bxc3 16. bxc3 Qd6 17. Bh6 Nc5 18. Qb4 Qc6 19. Rfe1 Ne6 20.
Re3 Rab8 21. Qe7 Rb7 22. Qf6 Rd7 23. a3 Rcd8 24. h3 Rd1+ 25. Rxd1 Rxd1+ 26. Kh2
Qc7+ 27. g3 Rd8 28. Rf3 Re8 29. Kg1 Qe7 30. Qxe7 Rxe7 31. Kg2 f5 32. h4 Kf7 33.
g4 Kf6 34. c4 Ke5 35. Re3+ Kd4 36. gxf5 gxf5 37. Bg5 Re8 38. Kf1 Kxc4 39. Re5
f4 40. Bxf4 Kc3 41. Re2 h5 42. Be5+ Kc4 43. Ba1 a6 44. Re5 Ng7 45. Rg5 Ne6 46.
Rxh5 Rb8 47. Re5 Nc5 48. h5 Rb1+ 49. Re1 Rb6 50. Bg7 Ne6 51. Rxe6 Rxe6 52. h6 {
rmdg567 resigns} 1-0

[Event "ICS Rated blitz match"]
[Site "204.178.125.65"]
[Date "2000.09.13"]
[Round "?"]
[White "rmdg567"]
[Black "Hossa"]
[Result "1-0"]
[WhiteElo "1929"]
[BlackElo "2461"]
[PlyCount "105"]
[EventDate "2000.??.??"]

1. e4 c5 2. Nf3 e6 3. d4 cxd4 4. Nxd4 Nf6 5. Nc3 Bb4 6. Bd3 d5 7. e5 Ne4 8.
Bxe4 dxe4 9. O-O Bxc3 10. bxc3 Qa5 11. Qe1 Qxe5 12. Ba3 b6 13. f4 Qd5 14. Rd1
f6 15. f5 e5 16. Ne6 Bxe6 17. Rxd5 Bxd5 18. c4 Bb7 19. Qb4 Nc6 20. Qd6 g5 21.
Qe6+ Kd8 22. Qxf6+ Kc8 23. Qxh8+ Nd8 24. Rd1 Bd5 25. Qxd8+ Kxd8 26. Rxd5+ Ke8
27. Rxe5+ Kf7 28. g4 Rd8 29. Re7+ Kg8 30. f6 Rd1+ 31. Kf2 Rd2+ 32. Ke3 Rxc2 33.
f7+ Kg7 34. Rxa7 Rc3+ 35. Kxe4 Rxa3 36. Rxa3 Kxf7 37. Ra6 b5 38. cxb5 Ke8 39.
b6 Kd7 40. b7 Kc7 41. Rb6 Kxb6 42. b8=Q+ Kc6 43. Qd8 h5 44. Kd4 h4 45. h3 Kb5
46. Qc7 Ka6 47. Qc5 Kb7 48. Kd5 Ka6 49. a4 Kb7 50. a5 Kb8 51. a6 Ka8 52. Qc6+
Kb8 53. Qb7# {Hossa checkmated} 1-0

[Event "ICS rated blitz match"]
[Site "204.178.125.65"]
[Date "2000.09.13"]
[Round "?"]
[White "Hossa"]
[Black "PostModernist"]
[Result "1/2-1/2"]
[WhiteElo "2430"]
[BlackElo "2661"]
[PlyCount "244"]
[EventDate "2000.??.??"]

1. d4 Nf6 2. c4 g6 3. Nc3 d5 4. Qb3 dxc4 5. Qxc4 Bg7 6. e4 O-O 7. Nf3 Nc6 8. d5
Na5 9. Qa4 c6 10. dxc6 Nxc6 11. Be2 a6 12. O-O Bd7 13. Bg5 h6 14. Bf4 g5 15.
Bd2 Qb6 16. Qc2 Rfd8 17. e5 Ng4 18. Nd5 Qa7 19. Bc3 Rac8 20. Qe4 Be6 21. Rad1
Qc5 22. Bc4 b5 23. Bb3 a5 24. a3 a4 25. Ba2 Rd7 26. h3 Bxd5 27. Rxd5 Rxd5 28.
Bxd5 Ngxe5 29. Nxe5 Nxe5 30. Bxe5 Bxe5 31. Qg6+ Bg7 32. Bxf7+ Kh8 33. Rd1 Qe5
34. Be6 Rf8 35. b4 axb3 36. Bxb3 Qc5 37. Bf7 Qxa3 38. Be6 Qa4 39. Rf1 Qf4 40.
Bd7 b4 41. Be6 Qf6 42. Qe4 Qd4 43. Qg6 Qb6 44. h4 gxh4 45. Qe4 b3 46. Bc4 Bd4
47. Qxe7 Bg7 48. Qxh4 Qb4 49. Rd1 b2 50. Qe4 Rc8 51. Bd3 Qxe4 52. Bxe4 Rc1 53.
Rf1 Bc3 54. g3 Be1 55. Kg2 b1=Q 56. Bxb1 Rxb1 57. f4 Kg7 58. Kh3 Kg6 59. Rh1
Kf5 60. Rf1 h5 61. Rh1 Ra1 62. Rg1 Rc1 63. Rh1 Rb1 64. Rg1 Rd1 65. Rf1 h4 66.
g4+ Ke4 67. g5 Rd3+ 68. Kg4 Rg3+ 69. Kh5 Bd2 70. Kxh4 Bxf4 71. Re1+ Kf5 72. Re7
Rxg5 73. Rf7+ Ke4 74. Re7+ Kf3 75. Rf7 Rg6 76. Rf5 Re6 77. Rd5 Rc6 78. Rd3+ Be3
79. Rd5 Rg6 80. Rf5+ Bf4 81. Rd5 Re6 82. Rd3+ Be3 83. Rd5 Rf6 84. Rh5 Rf8 85.
Rd5 Rf4+ 86. Kh5 Rf6 87. Kh4 Ra6 88. Rf5+ Bf4 89. Rc5 Rd6 90. Rf5 Rc6 91. Rd5
Rb6 92. Rd3+ Be3 93. Rd5 Bc1 94. Rf5+ Bf4 95. Rc5 Ra6 96. Rf5 Rd6 97. Rc5 Rf6
98. Rh5 Rf7 99. Rc5 Rh7+ 100. Rh5 Rg7 101. Rf5 Rc7 102. Kh5 Rc6 103. Kh4 Rc2
104. Kh5 Rg2 105. Rf7 Rg8 106. Rf6 Rg7 107. Rf8 Rg5+ 108. Kh4 Re5 109. Rf7 Re6
110. Rh7 Rg6 111. Kh5 Rg5+ 112. Kh6 Rg3+ 113. Kh5 Rg4 114. Rf7 Rg2 115. Rf8 Rg3
116. Rf6 Rg8 117. Rf5 Rg1 118. Rd5 Rg2 119. Rd3+ Be3 120. Rd5 Rg3 121. Rf5+ Bf4
122. Rf6 Rg4 {Game drawn by the 50 move rule} 1/2-1/2

[Event "ICS rated blitz match"]
[Site "204.178.125.65"]
[Date "2000.09.13"]
[Round "?"]
[White "Hossa"]
[Black "Timon"]
[Result "1-0"]
[WhiteElo "2445"]
[BlackElo "2142"]
[PlyCount "35"]
[EventDate "2000.??.??"]

1. d4 d5 2. c4 c6 3. cxd5 cxd5 4. Nc3 e6 5. Nf3 Nc6 6. Bf4 Nf6 7. e3 a6 8. Bd3
Bb4 9. O-O O-O 10. Qc2 h6 11. Rac1 Bd7 12. a3 Bxc3 13. bxc3 Rc8 14. Rb1 b5 15.
a4 b4 16. Bxa6 Ra8 17. Bb7 Ra7 18. Bxc6 {Timon resigns} 1-0

[Event "ICS rated standard match"]
[Site "204.178.125.65"]
[Date "2000.09.13"]
[Round "?"]
[White "Hossa"]
[Black "Ultima-Battle"]
[Result "0-1"]
[WhiteElo "2337"]
[BlackElo "2571"]
[PlyCount "98"]
[EventDate "2000.??.??"]

1. e4 Nf6 2. e5 Nd5 3. c4 Nb6 4. c5 Nd5 5. Nc3 e6 6. Bc4 c6 7. d4 b6 8. Ne4
bxc5 9. dxc5 Bxc5 10. Nxc5 Qa5+ 11. Bd2 Qxc5 12. Qg4 O-O 13. Bh6 Qb4+ 14. Kd1
g6 15. Qe2 Rd8 16. a3 Qb6 17. Ke1 d6 18. exd6 f6 19. d7 Bxd7 20. Rd1 Bc8 21. h4
Na6 22. Rh3 Nac7 23. h5 g5 24. Qc2 Ba6 25. Bxa6 Nxa6 26. Ne2 Ne7 27. Rxd8+ Rxd8
28. Qc3 Nd5 29. Qc2 Qa5+ 30. b4 Ndxb4 31. axb4 Nxb4 32. Qb1 Qd5 33. g3 Nd3+ 34.
Kf1 Qf3 35. Rh2 Nb2 36. Nc3 Qxc3 37. Kg2 Nc4 38. Qb7 Ne3+ 39. Kh3 g4+ 40. Kh4
Nf5+ 41. Kxg4 Nxh6+ 42. Kh3 Qf3 43. Qxa7 Rd5 44. Qa8+ Kg7 45. Qe8 c5 46. Qe7+
Nf7 47. Qxc5 Rxc5 48. h6+ Kh8 49. Kh4 Rh5# {Hossa checkmated} 0-1

[Event "ICS rated blitz match"]
[Site "204.178.125.65"]
[Date "2000.09.13"]
[Round "?"]
[White "counterplay"]
[Black "Hossa"]
[Result "1/2-1/2"]
[WhiteElo "2762"]
[BlackElo "2450"]
[PlyCount "254"]
[EventDate "2000.??.??"]

1. c4 e5 2. Nc3 Nf6 3. Nf3 Nc6 4. e3 Bb4 5. Qc2 Bxc3 6. Qxc3 Qe7 7. a3 d5 8. d4
Nxd4 9. Nxd4 exd4 10. Qxd4 c5 11. Qh4 dxc4 12. Bxc4 Be6 13. Bb5+ Bd7 14. Bxd7+
Nxd7 15. Qxe7+ Kxe7 16. e4 Ne5 17. Be3 Nd3+ 18. Ke2 Rhd8 19. Rhd1 c4 20. b3 b5
21. f3 a6 22. Rab1 Rac8 23. bxc4 bxc4 24. Rd2 Rb8 25. Rbd1 Rb3 26. a4 Rc8 27.
a5 Rb5 28. Bb6 Ke6 29. g3 Rb3 30. Bd4 g5 31. h3 h5 32. Be3 Ra3 33. Bxg5 Rxa5
34. Be3 Ke7 35. f4 Rc6 36. Kf3 Rb5 37. e5 Kf8 38. g4 hxg4+ 39. hxg4 Rb8 40. g5
a5 41. Rh1 Ke7 42. Rh6 Re6 43. Ke4 Rc8 44. Ra2 Ra8 45. Bd2 a4 46. Kd4 a3 47.
Kxc4 Rd8 48. Ba5 Nb2+ 49. Kb3 Rd3+ 50. Kc2 Kd7 51. Bc3 Rxh6 52. gxh6 Rh3 53.
Rxa3 Rh2+ 54. Kb1 Nd3 55. Ra4 Ke8 56. Ra8+ Ke7 57. f5 Rxh6 58. Kc2 Rh3 59. f6+
Kd7 60. Ra7+ Kc6 61. Rxf7 Nc5 62. Ra7 Kd5 63. f7 Rh2+ 64. Kd1 Rf2 65. Bb4 Ne6
66. Ke1 Rf3 67. Bd6 Kc6 68. Kd1 Kb6 69. Rd7 Kc6 70. Ra7 Kb6 71. Rd7 Kc6 72. Re7
Ng5 73. Rc7+ Kb6 74. Ke2 Rxf7 75. Rc8 Nf3 76. e6 Nd4+ 77. Kd3 Nxe6 78. Be5 Rf5
79. Bb2 Rf3+ 80. Ke4 Rf8 81. Rc2 Re8 82. Rc1 Nc5+ 83. Kf3 Rf8+ 84. Ke3 Re8+ 85.
Kf3 Rf8+ 86. Kg3 Ne4+ 87. Kg4 Nc3 88. Ba3 Rf4+ 89. Kh5 Kb7 90. Rc2 Ne4 91. Rc1
Rf5+ 92. Kg4 Rf7 93. Rc4 Nd2 94. Rc1 Ne4 95. Rc2 Kb6 96. Bb2 Ka6 97. Bd4 Kb5
98. Rc8 Kb4 99. Be5 Kb5 100. Bd4 Kb4 101. Be5 Kb5 102. Rc2 Re7 103. Bd4 Rf7
104. Rc1 Rd7 105. Be5 Re7 106. Bd4 Rd7 107. Be5 Re7 108. Ba1 Nc3 109. Bb2 Rg7+
110. Kf5 Rf7+ 111. Ke5 Re7+ 112. Kd6 Re8 113. Rxc3 Rd8+ 114. Ke5 Re8+ 115. Kd4
Rd8+ 116. Ke4 Rd2 117. Ba3 Re2+ 118. Kf4 Rf2+ 119. Ke4 Re2+ 120. Kf4 Rf2+ 121.
Kg5 Rg2+ 122. Kf5 Kb6 123. Ke5 Re2+ 124. Kd5 Rd2+ 125. Ke5 Re2+ 126. Kd5 Rd2+
127. Ke5 Re2+ {Game drawn by repetition} 1/2-1/2

[Event "ICS rated blitz match"]
[Site "204.178.125.65"]
[Date "2000.09.13"]
[Round "?"]
[White "Knightfreak"]
[Black "Hossa"]
[Result "0-1"]
[WhiteElo "2422"]
[BlackElo "2459"]
[PlyCount "126"]
[EventDate "2000.??.??"]

1. e4 e5 2. Nf3 Nc6 3. Bb5 a6 4. Ba4 Nf6 5. O-O Be7 6. Re1 b5 7. Bb3 d6 8. c3
O-O 9. h3 Bb7 10. d4 Re8 11. Nbd2 Bf8 12. d5 Ne7 13. Nf1 Ng6 14. a4 Be7 15. Ng3
Nd7 16. Nf5 Nc5 17. Bc2 Nxa4 18. Bxa4 bxa4 19. Qxa4 Bf6 20. Be3 Bc8 21. Ng3 Bd7
22. Qa5 Qb8 23. b4 Nf4 24. Ne2 Nd3 25. Reb1 Bb5 26. Qa2 Nf4 27. Nc1 Qc8 28. Qd2
Nxh3+ 29. gxh3 Qxh3 30. Nh2 h5 31. Nb3 Qh4 32. f3 Be7 33. Qf2 Qh3 34. Qg2 Qxg2+
35. Kxg2 Bd3 36. Rd1 Bc2 37. Na5 Bxd1 38. Rxd1 g6 39. Nc6 f5 40. Ra1 Kh7 41.
Ba7 fxe4 42. fxe4 g5 43. Rxa6 g4 44. Ra5 Bg5 45. Bf2 Bd2 46. c4 Rxa5 47. bxa5
Ra8 48. c5 Bxa5 49. cxd6 cxd6 50. Nf1 Bc7 51. Ng3 h4 52. Nf5 Ra2 53. Nxh4 Bb6
54. Kg3 Bxf2+ 55. Kxg4 Bxh4 56. Kxh4 Re2 57. Kg5 Rxe4 58. Kf5 Rf4+ 59. Ke6 e4
60. Kxd6 e3 61. Ne5 e2 62. Nd3 Rf1 63. Kc7 Rd1 {Knightfreak resigns} 0-1

[Event "ICS rated blitz match"]
[Site "204.178.125.65"]
[Date "2000.09.13"]
[Round "?"]
[White "Hossa"]
[Black "theater"]
[Result "1-0"]
[WhiteElo "2473"]
[BlackElo "1929"]
[PlyCount "77"]
[EventDate "2000.??.??"]

1. d4 d5 2. c4 e6 3. Nc3 Nf6 4. cxd5 exd5 5. Bf4 Bd6 6. Bxd6 Qxd6 7. e3 c6 8.
Nf3 Bg4 9. Bd3 Bxf3 10. Qxf3 O-O 11. O-O Nbd7 12. a3 a5 13. Rfe1 Rfe8 14. b3 b5
15. Rec1 Rac8 16. Bf5 Rc7 17. Rc2 Nf8 18. Rac1 Ree7 19. a4 b4 20. Ne2 Ne8 21.
Rc5 g6 22. Bd3 Ne6 23. Rxa5 c5 24. Bb1 f5 25. dxc5 Rxc5 26. Raxc5 Nxc5 27. Nd4
Ne4 28. Bd3 Rc7 29. Rd1 N8f6 30. Nb5 Qb6 31. Nxc7 Qxc7 32. Bxe4 dxe4 33. Qe2
Kg7 34. Qc4 Qxc4 35. bxc4 Ng4 36. Rb1 Ne5 37. Rxb4 Kf6 38. a5 Ke6 39. a6 {
theater resigns} 1-0

[Event "ICS Rated blitz match"]
[Site "204.178.125.65"]
[Date "2000.09.13"]
[Round "?"]
[White "theater"]
[Black "Hossa"]
[Result "0-1"]
[WhiteElo "1941"]
[BlackElo "2474"]
[PlyCount "98"]
[EventDate "2000.??.??"]

1. d4 Nf6 2. c4 e6 3. Nc3 Bb4 4. e3 c5 5. Nge2 d5 6. a3 cxd4 7. exd4 Be7 8. c5
O-O 9. b4 a6 10. Bf4 Nc6 11. Ng3 Ne4 12. Ngxe4 dxe4 13. Nxe4 Qd5 14. Nc3 Qxd4
15. Qxd4 Nxd4 16. O-O-O Rd8 17. Bc4 Bh4 18. Be3 e5 19. g3 Bf6 20. Nd5 Bg4 21.
Nxf6+ gxf6 22. Rde1 a5 23. Kb2 Bf3 24. Rhg1 Kg7 25. Ra1 Be4 26. Rgc1 axb4 27.
axb4 Rxa1 28. Rxa1 Nc2 29. Ra4 Nxe3 30. fxe3 Rd2+ 31. Kc3 Rc2+ 32. Kb3 Rxh2 33.
Ra7 Rh3 34. b5 Rxg3 35. Kb4 Rxe3 36. c6 bxc6 37. Rxf7+ Kg6 38. b6 Re1 39. Kc5
Rb1 40. b7 h5 41. Rc7 h4 42. Ba6 h3 43. Rc8 h2 44. b8=Q Rxb8 45. Rxb8 h1=Q 46.
Rg8+ Kf7 47. Bc4+ Bd5 48. Rc8 Bxc4 49. Kxc4 Qh4+ {theater resigns} 0-1

[Event "ICS rated standard match"]
[Site "204.178.125.65"]
[Date "2000.09.13"]
[Round "?"]
[White "Hossa"]
[Black "chancery"]
[Result "1-0"]
[WhiteElo "2330"]
[BlackElo "1997"]
[PlyCount "47"]
[EventDate "2000.??.??"]

1. e4 c5 2. c3 Nf6 3. e5 Nd5 4. d4 cxd4 5. Nf3 Nc6 6. Bc4 Nb6 7. Bb3 d6 8. exd6
Qxd6 9. O-O Be6 10. Na3 dxc3 11. Nb5 Qxd1 12. Rxd1 Rc8 13. Bxe6 fxe6 14. Nxc3
g6 15. Nb5 Bg7 16. Ng5 O-O 17. Nxe6 Rf5 18. a4 a6 19. Nxg7 Kxg7 20. Nc3 Rff8
21. f3 Rcd8 22. Re1 Kf7 23. Ne4 Nc4 24. Ng5+ {chancery resigns} 1-0

[Event "ICS rated blitz match"]
[Site "204.178.125.65"]
[Date "2000.09.13"]
[Round "?"]
[White "Hossa"]
[Black "Sauerkraut"]
[Result "1-0"]
[WhiteElo "2475"]
[BlackElo "2443"]
[PlyCount "66"]
[EventDate "2000.??.??"]

1. e4 e6 2. d4 d5 3. Nc3 dxe4 4. Nxe4 Be7 5. Nf3 Nf6 6. Bd3 Nbd7 7. O-O c5 8.
Nxc5 Bxc5 9. dxc5 Nxc5 10. Bc4 Qxd1 11. Rxd1 Ncd7 12. Bf4 O-O 13. Bd6 Re8 14.
Ne5 a6 15. Nxd7 Bxd7 16. f3 Bc6 17. Kf2 Rac8 18. Be2 Bd5 19. Bd3 Bc4 20. Bxc4
Rxc4 21. c3 Nd5 22. Rd2 b5 23. Rad1 Rec8 24. g3 a5 25. Be5 b4 26. b3 Rxc3 27.
Bxc3 bxc3 28. Rd4 Kf8 29. Rc1 Ke7 30. Ra4 Rc5 31. Rc4 Rb5 32. Re1 Kd6 33. Rd1
h6 {Sauerkraut resigns} 1-0

[Event "ICS rated blitz match"]
[Site "204.178.125.65"]
[Date "2000.09.14"]
[Round "?"]
[White "LoadedGun"]
[Black "Hossa"]
[Result "0-1"]
[WhiteElo "2312"]
[BlackElo "2488"]
[PlyCount "158"]
[EventDate "2000.??.??"]

1. d4 Nf6 2. Bg5 e6 3. c4 h6 4. Bxf6 Qxf6 5. Nf3 c5 6. Nc3 cxd4 7. Nxd4 Nc6 8.
e3 Bc5 9. Ndb5 Qe5 10. Ne4 Bb4+ 11. Nec3 a6 12. Nd4 O-O 13. Be2 Bxc3+ 14. bxc3
Qc7 15. O-O Ne5 16. Qb3 b6 17. f4 Ng6 18. Rab1 Rb8 19. f5 exf5 20. Nxf5 d6 21.
Qd1 Bxf5 22. Rxf5 Rfe8 23. Qd4 Re5 24. e4 Qc5 25. Rxe5 Nxe5 26. Kh1 Nc6 27.
Qxc5 dxc5 28. h4 g6 29. g4 Ne5 30. a4 Nd7 31. Kg2 Re8 32. Bf3 Re6 33. h5 Ne5
34. Be2 Rd6 35. Rb2 f6 36. Kg3 Kf8 37. Kf4 Ke7 38. Ra2 Kd7 39. a5 Ke7 40. axb6
Rxb6 41. Ra5 Rc6 42. Ke3 Kf7 43. Ra3 Rd6 44. Rb3 gxh5 45. gxh5 Ke7 46. Rb2 Rd7
47. Rb6 Ra7 48. Kf4 a5 49. Kf5 Nd7 50. Re6+ Kd8 51. e5 a4 52. exf6 a3 53. f7 a2
54. Rd6 Ke7 55. Rd1 a1=Q 56. Rxa1 Rxa1 57. Bf3 Rf1 58. Ke4 Nf6+ 59. Kf4 Nxh5+
60. Ke3 Nf6 61. Ke2 Ra1 62. Bd5 Nxd5 63. cxd5 Kxf7 64. Kd3 Rd1+ 65. Kc4 h5 66.
Kb3 c4+ 67. Kxc4 h4 68. Kb3 Rxd5 69. c4 Rc5 70. Kb4 Rc8 71. Kb3 h3 72. Kc3 h2
73. Kd4 h1=Q 74. c5 Qg1+ 75. Ke4 Qxc5 76. Kd3 Re8 77. Kd2 Qc4 78. Kd1 Qa2 79.
Kc1 Re1# {LoadedGun checkmated} 0-1

[Event "ICS rated blitz match"]
[Site "204.178.125.65"]
[Date "2000.09.14"]
[Round "?"]
[White "Hossa"]
[Black "zhora"]
[Result "1/2-1/2"]
[WhiteElo "2497"]
[BlackElo "1992"]
[PlyCount "133"]
[EventDate "2000.??.??"]

1. e4 d6 2. d4 Nd7 3. Nf3 c5 4. Bc4 e6 5. O-O Be7 6. Nc3 Ngf6 7. dxc5 Nxc5 8.
e5 dxe5 9. Qxd8+ Bxd8 10. Nxe5 O-O 11. Be3 Ncd7 12. Nxd7 Bxd7 13. Nb5 a6 14.
Nd6 b5 15. Be2 Bc6 16. Rfe1 Be7 17. Rad1 Rfd8 18. Bc5 Bd5 19. Ne4 Bxe4 20. Bxe7
Rxd1 21. Bxd1 Bd5 22. f3 Rc8 23. a3 Nd7 24. c3 f6 25. Bc2 Kf7 26. Bd6 g6 27.
Re2 e5 28. Rd2 Ke6 29. Bb4 Nc5 30. Kf2 Bc4 31. g4 Rc7 32. Rd8 Rd7 33. Rxd7 Nxd7
34. h3 Nb6 35. b3 Bd5 36. h4 Nd7 37. a4 Nb8 38. axb5 axb5 39. Bd3 Bc6 40. c4
bxc4 41. bxc4 Na6 42. Bf8 Nc7 43. h5 f5 44. hxg6 hxg6 45. Bc2 Ne8 46. gxf5+
gxf5 47. c5 Nf6 48. Bb3+ Nd5 49. Bd6 e4 50. Bc4 exf3 51. Kxf3 Kf6 52. Kf2 Kg5
53. Bf8 f4 54. Bd6 Ne3 55. Be7+ Kf5 56. Be2 Ng4+ 57. Bxg4+ Kxg4 58. Bd6 f3 59.
Ke3 Bd5 60. c6 Bxc6 61. Be5 Bb7 62. Bh2 Bc6 63. Bg1 Bb7 64. Bf2 Bc6 65. Bg1 Kg3
66. Kd4 f2 67. Bxf2+ {Game drawn because neither player has mating material}
1/2-1/2

[Event "ICS rated blitz match"]
[Site "204.178.125.65"]
[Date "2000.09.14"]
[Round "?"]
[White "joejan"]
[Black "Hossa"]
[Result "0-1"]
[WhiteElo "2177"]
[BlackElo "2483"]
[PlyCount "58"]
[EventDate "2000.??.??"]

1. e4 e6 2. d3 d5 3. Nd2 Nc6 4. Ngf3 Bc5 5. Be2 e5 6. O-O Nf6 7. c3 O-O 8. Qc2
Bg4 9. h3 Be6 10. Re1 a6 11. Nf1 dxe4 12. dxe4 Qe7 13. Be3 Rad8 14. b3 Bxe3 15.
Nxe3 Rd6 16. Rad1 Rfd8 17. Rxd6 Rxd6 18. Rd1 Rxd1+ 19. Qxd1 Nxe4 20. Qc2 Nc5
21. Nf5 Qf6 22. Ng3 Qf4 23. Bd3 Nxd3 24. Qxd3 Qc1+ 25. Kh2 g6 26. Ne4 Qf4+ 27.
Ng3 f5 28. Qd1 e4 29. Nd2 Qxf2 {joejan resigns} 0-1